01278nas a2200325 i 45000010005000000030009000050050017000140070003000310080041000340800007000752450090000822600122001723000026002943100010003203620035003305000042003655460037004076500043004446500022004876500018005097000042005277100074005697100021006437800038006647850124007028520046008268520025008728660014008978660041009112312ES-MaACL20250814062557.0t|950801d19021937sp | | 1 ||pa d a5700aTrabajos del Laboratorio de Investigaciones Biológicas de la Universidad de Madrid. aMadrid : bLaboratorio de Investigaciones Biológicas de la Universidad de Madrid, c[1902]-1937 (ffNicolás Moya) av. : bil. ; c25 cm. aAnual0 aT. I (1901)- t. 31 (1936/1937) aCompilador: Santiago Ramón y Cajal. aTextos en español y francés. 4aInstituciones científicas y diversas17aBiología2embne 4aHistología.1 aRamón y Cajal, Santiago,d1852-19342 aUniversidad de Madrid. bLaboratorio de Investigaciones Biológicas.2 aInstituto Cajal.00aRevista trimestral micrográfica00aTrabajos del Instituto Cajal de Investigaciones Biológicas.- 1940-1979.- T. 32 = 37 (1940)-t. 70, fasc. 4 = 78 (1979) aES-MaACLjP-788-bis z.- Años 1943-1945 aES-MaACLjC-30338-74 0o1943-1945 0o1901-1911, 1914-35, 1940-1946, 1949.